00680pam a2200169 a 4500020000500000041000500005082001300010100001600023245007300039260005400112300001100166700001400177930000900191999001900200952013900219952015200358 c h a302bBAR aBaron, R.A. aSocial Psychology Understanding Human InteractionhTextual Documents aNew DelhibPrentice Hall Of India Private Limited a699/PB aByrne, D. a1978 c108811d108811 00102ddc4070aAKSbAKSd1998-01-15eMahaveer General Storeg295.00l0o302 BARpAKS-W-01326r2023-03-01 00:00:00t2w2023-03-01yBK 00102ddc4070aAKSbAKScMSW Libraryd1998-01-15eMahaveer General Storeg295.00l0o302 BARpAKS-W-01325r2023-03-01 00:00:00t1w2023-03-01yBK